Endemic Birds of Mexico - Statistics

General Stats
  • This quiz has been taken 4 times
  • The average score is 31 of 104
Answer Stats
Answer Scientific name % Correct
Aztec Rail Rallus tenuirostris
75%
Baird's Junco Junco bairdi
75%
Blue Mockingbird Melanotis caerulescens
75%
Bridled Sparrow Peucaea mystacalis
75%
Cinereous Owl Strix sartorii
75%
Citreoline Trogon Trogon citreolus
75%
Collared Towhee Pipilo ocai
75%
Dwarf Jay Cyanolyca nanus
75%
Dwarf Vireo Vireo nelsoni
75%
Gray Thrasher Toxostoma cinereum
75%
Mexican Sheartail Doricha eliza
75%
Nava's Wren Hylorchilus navai
75%
Rose-bellied Bunting Passerina rositae
75%
San Blas Jay Cyanocorax sanblasianus
75%
Striped Sparrow Oriturus superciliosus
75%
Sumichrast's Wren Hylorchilus sumichrasti
75%
Transvolcanic Jay Aphelocoma ultramarina
75%
Aztec Thrush Ridgwayia pinicola
50%
Bearded Wood-Partridge Dendrortyx barbatus
50%
Belding's Yellowthroat Geothlypis beldingi
50%
Black-polled Yellowthroat Geothlypis speciosa
50%
Black-throated Magpie-Jay Cyanocorax colliei
50%
Cozumel Vireo Vireo bairdi
50%
Crimson-collared Grosbeak Periporphyrus celaeno
50%
Eared Poorwill Nyctiphrynus mcleodii
50%
Flammulated Flycatcher Ramphotrigon flammulatum
50%
Ocellated Thrasher Toxostoma ocellatum
50%
Orange-breasted Bunting Passerina leclancherii
50%
Pileated Flycatcher Xenotriccus mexicanus
50%
Purplish-backed Jay Cyanocorax beecheii
50%
Red-headed Tanager Piranga erythrocephala
50%
Sinaloa Crow Corvus sinaloae
50%
Thick-billed Parrot Rhynchopsitta pachyrhyncha
50%
Tufted Jay Cyanocorax dickeyi
50%
Worthen's Sparrow Spizella wortheni
50%
Yucatan Wren Campylorhynchus yucatanicus
50%
Altamira Yellowthroat Geothlypis flavovelata
25%
Balsas Screech-Owl Megascops seductus
25%
Beautiful Hummingbird Calothorax pulcher
25%
Black-backed Oriole Icterus abeillei
25%
Black-chested Sparrow Peucaea humeralis
25%
Bumblebee Hummingbird Selasphorus heloisa
25%
Cinnamon-rumped Seedeater Sporophila torqueola
25%
Colima Pygmy-Owl Glaucidium palmarum
25%
Cozumel Emerald Cynanthus forficatus
25%
Eared Quetzal Euptilotis neoxenus
25%
Elegant Quail Callipepla douglasii
25%
Golden-crowned Emerald Cynanthus auriceps
25%
Golden Vireo Vireo hypochryseus
25%
Guadalupe Junco Junco insularis
25%
Lilac-crowned Amazon Amazona finschi
25%
Maroon-fronted Parrot Rhynchopsitta terrisi
25%
Mexican Hermit Phaethornis mexicanus
25%
Mexican Parrotlet Forpus cyanopygius
25%
Red Warbler Cardellina rubra
25%
Rufous-backed Robin Turdus rufopalliatus
25%
Short-crested Coquette Lophornis brachylophus
25%
Sierra Madre Sparrow Xenospiza baileyi
25%
Sinaloa Wren Thryophilus sinaloa
25%
Slaty Vireo Vireo brevipennis
25%
Socorro Parakeet Psittacara brevipes
25%
Strickland's Woodpecker Leuconotopicus stricklandi
25%
Tres Marias Hummingbird Cynanthus lawrencei
25%
Tuxtla Quail-Dove Zentrygon carrikeri
25%
West Mexican Chachalaca Ortalis poliocephala
25%
West Mexican Euphonia Euphonia godmani
25%
White-fronted Swift Cypseloides storeri
25%
White-naped Swift Streptoprocne semicollaris
25%
White-throated Jay Cyanolyca mirabilis
25%
Xantus's Hummingbird Basilinna xantusii
25%
Yucatan Gnatcatcher Polioptila albiventris
25%
Banded Quail Philortyx fasciatus
0%
Blue-capped Hummingbird Eupherusa cyanophrys
0%
Blue-capped Motmot Momotus coeruliceps
0%
Boucard's Wren Campylorhynchus jocosus
0%
Cinnamon-tailed Sparrow Peucaea sumichrasti
0%
Clarion Wren Troglodytes tanneri
0%
Cozumel Wren Troglodytes beani
0%
Dusky Hummingbird Phaeoptila sordida
0%
Golden-cheeked Woodpecker Melanerpes chrysogenys
0%
Gray-barred Wren Campylorhynchus megalopterus
0%
Gray-breasted Woodpecker Melanerpes hypopolius
0%
Gray-crowned Woodpecker Colaptes auricularis
0%
Green-striped Brushfinch Arremon virenticeps
0%
Happy Wren Pheugopedius felix
0%
Hooded Yellowthroat Geothlypis nelsoni
0%
Long-tailed Wood-Partridge Dendrortyx macroura
0%
Mexican Squirrel-Cuckoo Piaya mexicana
0%
Mexican Woodnymph Eupherusa ridgwayi
0%
Oaxaca Sparrow Aimophila notosticta
0%
Red-crowned Amazon Amazona viridigenalis
0%
Rufous-bellied Chachalaca Ortalis wagleri
0%
Rufous-capped Brushfinch Atlapetes pileatus
0%
Russet Nightingale-Thrush Catharus occidentalis
0%
Rusty-crowned Ground-Sparrow Melozone kieneri
0%
Socorro Mockingbird Mimus graysoni
0%
Socorro Wren Troglodytes sissonii
0%
Spotted Wren Campylorhynchus gularis
0%
Tamaulipas Pygmy-Owl Glaucidium sanchezi
0%
Tawny-collared Nightjar Antrostomus salvini
0%
Turquoise-crowned Hummingbird Cynanthus doubledayi
0%
White-striped Woodcreeper Lepidocolaptes leucogaster
0%
White-tailed Hummingbird Eupherusa poliocerca
0%
White-throated Towhee Melozone albicollis
0%
No matching quizzes found
Score Distribution
Percent of People with Each Score
Percentile by Number Answered
Your Score History
You have not taken this quiz